| 000 | 00398nam a2200157Ia 4500 | ||
|---|---|---|---|
| 008 | 230917s9999||||xx |||||||||||||| ||und|| | ||
| 040 |
_e199940 _aMAIN |
||
| 041 | _aEnglish | ||
| 082 | _a342 K48A(18) | ||
| 100 | _aKesari, U P D | ||
| 245 | 0 | _aLectures on administrative law | |
| 250 | _a18th ed. | ||
| 260 |
_aAllahabad _bCentral Law Publications _c2010 |
||
| 300 | _axi, 572 p. | ||
| 942 | _cBK | ||
| 999 |
_c169318 _d169318 |
||